| 000 | 00485nam a2200169Ia 4500 | ||
|---|---|---|---|
| 008 | 121030t1997 xxu||||| |||| 00| 0 sin d | ||
| 041 | _asin | ||
| 080 |
_aX8S1 _bHER |
||
| 100 | _aMenaka Herath | ||
| 245 | _aගඟක් නොවී දිය දෝතක් වූයෙමි | ||
| 246 | _aGangak Novi Diya Dothak Vuyemi | ||
| 260 |
_bUdaya Printers _aGanemulla _c1997 |
||
| 300 | _b46p., ill, 22 cm | ||
| 942 | _cBK | ||
| 999 |
_c75039 _d75039 |
||
| 003 | LK-CoDNM | ||
| 040 |
_aLK-CoDNM _dLK-CoDNM _eLK-CoDNM |
||